000 00632cam a22002293a 4500
001 19012
003 PGUSA
005 20140828083414.0
008 060809s2006||||xxu|||||s|||||000 | eng d
040 _aPGUSA
_beng
042 _adc
050 4 _aPS
100 1 _aSeltzer, Charles Alden,
_d1875-1942
245 1 4 _aThe Two-Gun Man
_h[electronic resource] /
_cCharles Alden Seltzer
260 _bProject Gutenberg,
_c2006
506 _aPublic domain in the USA.
516 _aElectronic text
653 _aWestern stories
830 0 _aProject Gutenberg
_v19012
856 4 0 _uhttp://www.gutenberg.org/ebooks/19012
942 _cEB
999 _c248267
_d248267